LEADER 00928nam a2200229 4500 001 000000365289 003 CaOOAMICUS 005 20251119155624.0 008 251119s2009 it 000 u ita r 020 $a978-88-04-58353-0 040 $aSeMil$bita 245 10$a3: 1939-1968 /$ca cura e con un saggio introduttivo di Franco Contorbia. 264 1$aMilano :$bMondadori,$c2007. 300 $aLXXII, 1973 p. ;$c17 cm 700 1 $aContorbia, Franco,$d<1946- >.$0(OLS)http://semarc/name/55846 773 0 $tGiornalismo italiano.$dMilano : Mondadori, 2007-2010.$kMeridiani$g1$w()363307 850 $aSeMil 852 $aSeMil$W1$xVenegono$y1$m3M I 411/3$j264604$B256125$CSeMilBibl$Z2$F256125 $81 996 $6020$a978-88-04-58353-0$9(OLS)http://semarc/number/304683 996 $6245$a3: 1939-1968$9(OLS)http://semarc/title/456839 996 $6264$aMilano :$bMondadori$9(OLS)http://semarc/publisher/30335 LEADER 01817nam a2200289 i 4500 001 000000205222 003 CaOOAMICUS 005 20210406140326.0 008 110817s1804 it u000 u ita u 013 $a183958 026 $aa,te a.o- arel nole (3) 1810 (A) 040 $aSeMil$bita 100 1 $aGrazzini, Antonfrancesco,$c.$0(OLS)http://semarc/name/4210 245 13$aLa prima e la seconda cena Novelle di Antonfrancesco Grazzini detto il Lasca alle quali si aggiunge una Novella che ci resta della terza Cena. 300 $aXVI, 505, [3] p., [1] carta di tav. :$britr ;$c8°. 490 0 $aEdizione delle opere classiche italiane 500 $aRitr. del Grazzini inciso da Caronni 500 $aContiene anche: Vita di Antonfrancesco Grazzini detto il Lasca scritta dal dottor Antonmaria Biscioni accademico fiorentino, c. [1]1r. 501 $aVita di Antonfrancesco Grazzini detto il Lasca scritta dal dottor Antonmaria Biscioni accademico fiorentino 700 1 $aBiscioni, Antonio Maria.$0(OLS)http://semarc/name/2856 700 1 $aCaronni, Paolo .$0(OLS)http://semarc/name/1246 773 0 $tRaccolta di novelle dall'origine della lingua italiana fino al 1700. Volume 1. [-3.].$dMilano : Tip. de' Classici Italiani, contrada di S. Margherita, n.° 1118, 1804-1810.$kEdizione delle opere classiche italiane$g3$w()25315 830 0$aEdizione delle opere classiche italiane.$0(OLS)http://semarc/title/33675 850 $aSeMil 852 $aSeMil$W1$xVenegono$y1$m1O I 24 FA$j155716$B155716$CSeMilBibl$Z2$F167050 $8I 996 $6245$aLa prima e la seconda cena Novelle di Antonfrancesco Grazzini detto il Lasca alle quali si aggiunge una Novella che ci resta della terza Cena$9(OLS)http://semarc/title/297075